000
00217 a2200097 4500
001
51942
100
_a
Parker A P
245
_a
Mechanics of Fracture and Fatigue
260
_a
London
_b
Spon
_c
090
_c
32792
_d
32792
942
_a
NUST-CAE
_c
M
_c
25327
999
_c
287015
_d
287015